Temple daily telegram

Detalles Bibliográficos
Título anterior:Temple tribune (Temple, Tex.)
Formato: Electrónico Periódico
Lenguaje:inglés
Publicado: Temple, Tex. : Telegram Pub. Co, 1907-
Materias:
Acceso en línea:Full text available from Research Library: 01/26/1992 to 11/06/1994

MARC

LEADER 00000nas a2200000 a 4500
001 ssj0022817
003 WaSeSS
005 20200512172242.0
006 m d
007 cr n
008 860812c19079999txudr nes 0 0eng d
010 |a sn 86088462  
035 |a (WaSeSS)ssj0022817 
040 |a PPM  |b eng  |c PPM  |d KNP  |d PPM  |d OCL  |d OCLCQ  |d UBY  |d OCLCQ  |d OCLCF  |d OCLCO  |d OCLCQ  |d WaSeSS 
042 |a msc 
043 |a n-us-tx 
245 0 0 |a Temple daily telegram  |h [electronic resource]. 
260 |a Temple, Tex. :  |b Telegram Pub. Co,  |c 1907- 
310 |a Daily 
362 0 |a Vol. 1, no. 1 (Nov. 19, 1907)- 
506 |a License restrictions may limit access. 
651 0 |a Temple (Tex.)  |v Newspapers. 
651 0 |a Bell County (Tex.)  |v Newspapers. 
651 7 |a Texas  |z Bell County.  |2 fast  |0 (OCoLC)fst01207375 
651 7 |a Texas  |z Temple.  |2 fast  |0 (OCoLC)fst01222175 
655 0 |a Electronic journals. 
752 |a United States  |b Texas  |c Bell  |d Temple. 
780 0 5 |t Temple tribune (Temple, Tex.)  |w (DLC)sn 87091265 
856 4 0 |z Full text available from Research Library: 01/26/1992 to 11/06/1994  |u https://search.proquest.com/publication/47031